[Event "EU-ch U14"]
[Site "Batumi"]
[Date "2010.09.22"]
[Round "3"]
[White "Tsydypov, Zhamsaran"]
[Black "Gadimbayli, Goshgar Azar"]
[Result "1-0"]
[WhiteElo "2142"]
[BlackElo "1694"]
[PlyCount "51"]
[EventDate "2010.09.20"]
[EventType "swiss"]
[EventRounds "9"]
[EventCountry "GEO"]
[SourceTitle "CBM 138 Extra"]
[Source "ChessBase"]
[SourceDate "2010.10.29"]
[SourceVersion "1"]
[SourceVersionDate "2010.10.29"]
[SourceQuality "1"]

1. e4 e6 2. d4 d5 3. Nc3 Bb4 4. Nge2 dxe4 5. a3 Bxc3+ 6. Nxc3 Ne7 7. Nxe4 Bd7 8. Bd3 Bc6 9. c3 h6 10. Qg4 Nf5 11. Ng3 g6 12. Nxf5 exf5 13. Qg3 Qe7+ 14. Kd2 Qg5+ 15. Kc2 Qxg3 16. hxg3 Bxg2 17. Rxh6 Rxh6 18. Bxh6 Bd5 19. Re1+ Kd7 20. c4 Bf3 21. Bg5 Nc6 22. d5 Nd4+ 23. Kc3 f6 24. Bxf6 c5 25. Re7+ Kd6 26. Rxb7 1-0